[Event "IV Open Amatori"]
[Site "Arvier ITA"]
[Date "2014.01.02"]
[Round "1"]
[White "Marguerettaz, Davy"]
[Black "Trovero, Leo"]
[WhiteElo "2188"]
[BlackElo "1744"]
[Result "1-0"]
[PlyCount "37"]
[EventDate "2014.01.02"]

1. d4 Nf6 2. Nf3 g6 3. Bf4 Bg7 4. e3 d5 5. Be2 O-O 6. h3 c5 7. O-O b6 8. c4 Bb7
9. dxc5 bxc5 10. Nc3 e6 11. Qb3 Qe7 12. Nb5 dxc4 13. Bxc4 Ne8 14. Nc7 Nxc7 15.
Qxb7 e5 16. Bg5 Qd6 17. Rfd1 Qb6 18. Qe4 Nc6 19. Rd6 1-0

[Event "IV Open Amatori"]
[Site "Arvier ITA"]
[Date "2014.01.02"]
[Round "1"]
[White "Paleologu, Vladimir"]
[Black "Siviero, Mattia"]
[WhiteElo "2175"]
[BlackElo "1700"]
[Result "1-0"]
[PlyCount "49"]
[EventDate "2014.01.02"]

1. e4 c6 2. d4 d5 3. f3 Nd7 4. e5 c5 5. c3 e6 6. f4 Ne7 7. Nf3 h5 8. g3 Nc6 9.
Bh3 g6 10. O-O Be7 11. Qd3 c4 12. Qc2 Rg8 13. Ng5 b5 14. Nxe6 fxe6 15. Bxe6 Rg7
16. Bxd5 Bb7 17. Bf3 Qb6 18. Be3 O-O-O 19. Nd2 Na5 20. b4 cxb3 21. axb3 Bxf3
22. Rxf3 Nb8 23. Ne4 Nb7 24. d5 Bc5 25. Nxc5 1-0

[Event "IV Open Amatori"]
[Site "Arvier ITA"]
[Date "2014.01.02"]
[Round "1"]
[White "Pane, Gabriele"]
[Black "Medici, Simone"]
[WhiteElo "1662"]
[BlackElo "2131"]
[Result "0-1"]
[PlyCount "64"]
[EventDate "2014.01.02"]

1. d4 Nf6 2. c4 e6 3. Nc3 d5 4. Bg5 Be7 5. e3 Nbd7 6. Nf3 O-O 7. Rc1 c6 8. Bd3
dxc4 9. Bxc4 b5 10. Bd3 Bb7 11. O-O a6 12. Re1 c5 13. Bb1 c4 14. Qd2 b4 15. Ne2
Rc8 16. Bxf6 Nxf6 17. Ne5 a5 18. f3 Ba6 19. Qc2 g6 20. Qa4 Qb6 21. Nd7 Nxd7 22.
Qxd7 Bh4 23. g3 Bb5 24. Qxc8 Rxc8 25. gxh4 Qd8 26. h5 Qg5+ 27. Ng3 gxh5 28. Kf2
Kh8 29. Rg1 Qh4 30. Rg2 f5 31. Kg1 Rg8 32. Rcc2 f4 0-1

[Event "IV Open Amatori"]
[Site "Arvier ITA"]
[Date "2014.01.02"]
[Round "1"]
[White "Ranieri, Fabrizio"]
[Black "Benazzo, Angelo"]
[WhiteElo "2278"]
[BlackElo "1771"]
[Result "1-0"]
[PlyCount "71"]
[EventDate "2014.01.02"]

1. e4 g6 2. d4 Bg7 3. Nc3 d6 4. Be3 Nd7 5. Qd2 e6 6. f4 Ne7 7. O-O-O a6 8. g4
b5 9. Bg2 Bb7 10. e5 Bxg2 11. Qxg2 d5 12. h4 Nb6 13. h5 Qd7 14. hxg6 hxg6 15.
Rxh8+ Bxh8 16. Kb1 b4 17. Nce2 Qb5 18. Bc1 a5 19. Nf3 a4 20. Rh1 Kd7 21. Ng5 b3
22. Nxf7 bxa2+ 23. Ka1 Bg7 24. Rh7 Bf8 25. f5 gxf5 26. gxf5 Kc6 27. fxe6 Nc4
28. Nc3 Qb6 29. Nxa2 Rb8 30. c3 Nf5 31. e7 Nxe7 32. Nb4+ Kb5 33. Nd6+ cxd6 34.
Rxe7 a3 35. b3 Na5 36. Qxd5+ 1-0

[Event "IV Open Amatori"]
[Site "Arvier ITA"]
[Date "2014.01.03"]
[Round "2"]
[White "Bagnod, Ruben"]
[Black "Gennaro, Isabella"]
[WhiteElo "1386"]
[BlackElo "1767"]
[Result "0-1"]
[PlyCount "74"]
[EventDate "2014.01.02"]

1. e4 c5 2. Nc3 Nc6 3. Bc4 e6 4. d3 Nf6 5. Bg5 Be7 6. Nf3 Nxe4 7. dxe4 Bxg5 8.
O-O Be7 9. e5 f6 10. Bb5 O-O 11. Qe2 Na5 12. Bd3 d5 13. Nh4 f5 14. Qh5 Bxh4 15.
g4 c4 16. Be2 a6 17. b4 Nc6 18. Na4 Bd7 19. Nc5 Be8 20. Nxe6 Qe7 21. Qxf5 Rxf5
22. gxf5 Bd7 23. Bg4 Bxe6 24. fxe6 Nxe5 25. Bf5 Qg5+ 26. Kh1 Qxf5 27. f4 Qe4+
28. Kg1 Nf3+ 29. Rxf3 Qxf3 30. Rf1 Qe3+ 31. Kg2 Rf8 32. f5 Qg5+ 33. Kh3 Rxf5
34. Rxf5 Qxf5+ 35. Kxh4 g5+ 36. Kh5 Qf4 37. h3 Qh4# 0-1

[Event "IV Open Amatori"]
[Site "Arvier ITA"]
[Date "2014.01.03"]
[Round "2"]
[White "Baloire, Endy"]
[Black "Paleologu, Vladimir"]
[WhiteElo "1961"]
[BlackElo "2175"]
[Result "0-1"]
[PlyCount "84"]
[EventDate "2014.01.02"]

1. d4 d6 2. Bf4 g6 3. e3 Bg7 4. Nf3 Nd7 5. h3 e5 6. Bh2 e4 7. Nfd2 f5 8. c4 Ne7
9. Nc3 O-O 10. Be2 Nf6 11. O-O c6 12. b4 Kh8 13. Rb1 g5 14. a4 d5 15. b5 Ng6
16. bxc6 bxc6 17. cxd5 cxd5 18. f4 gxf4 19. Bxf4 Nxf4 20. exf4 Ng4 21. Qb3
Bxd4+ 22. Kh1 Nf2+ 23. Kh2 Be6 24. Nb5 Rb8 25. Nxd4 Rxb3 26. N2xb3 Bd7 27. Rxf2
Bxa4 28. Nc5 Qe8 29. Ra1 Bd7 30. Rxa7 Bc8 31. Bb5 Qg6 32. Ra8 Rg8 33. Rfa2 Qg3+
34. Kh1 Qxf4 35. Bd7 Qc1+ 36. Kh2 Qxc5 37. Bxc8 Qxd4 38. Bb7 Rxa8 39. Rxa8+ Kg7
40. Rd8 Qe5+ 41. Kg1 Qa1+ 42. Kf2 Qb2+ 0-1

[Event "IV Open Amatori"]
[Site "Arvier ITA"]
[Date "2014.01.03"]
[Round "2"]
[White "Benazzo, Angelo"]
[Black "Pane, Gabriele"]
[WhiteElo "1771"]
[BlackElo "1662"]
[Result "1-0"]
[PlyCount "103"]
[EventDate "2014.01.02"]

1. Nf3 Nf6 2. g3 d5 3. Bg2 c5 4. d3 Nc6 5. Nbd2 e6 6. O-O Bd7 7. Re1 Be7 8. e4
dxe4 9. dxe4 O-O 10. c3 e5 11. h3 Qc7 12. Qc2 Be6 13. Ng5 Bd7 14. Nc4 h6 15.
Nf3 Be6 16. Ne3 Rfd8 17. Nh4 Rd7 18. Nhf5 Bf8 19. Ng4 Nxg4 20. hxg4 Bxf5 21.
gxf5 f6 22. Bf3 Na5 23. Be2 a6 24. a4 c4 25. Be3 Bc5 26. Bxc5 Qxc5 27. Rad1
Rad8 28. Rxd7 Rxd7 29. Rd1 Qc7 30. Rd5 Rxd5 31. exd5 Qd7 32. Qd1 b5 33. axb5
axb5 34. Bf3 Qd6 35. Qa1 Nb7 36. Qa8+ Nd8 37. Qa5 Qb8 38. Qa6 Qb7 39. Qd6 Nf7
40. Qe6 Kf8 41. Bh5 Qe7 42. Bxf7 Qxf7 43. d6 Qxe6 44. fxe6 Ke8 45. Kg2 f5 46.
Kf3 g5 47. Ke3 g4 48. f3 h5 49. f4 e4 50. Kd4 h4 51. gxh4 g3 52. Ke3 1-0

[Event "IV Open Amatori"]
[Site "Arvier ITA"]
[Date "2014.01.03"]
[Round "2"]
[White "Boschetti, Claudio"]
[Black "Marguerettaz, Davy"]
[WhiteElo "2105"]
[BlackElo "2188"]
[Result "1/2-1/2"]
[PlyCount "139"]
[EventDate "2014.01.02"]

1. e4 e5 2. Bc4 Nc6 3. Nf3 Bc5 4. c3 Nf6 5. d3 O-O 6. Bb3 d5 7. Qe2 Re8 8. h3
a5 9. a4 b6 10. Bg5 dxe4 11. dxe4 h6 12. Bd5 Ba6 13. Bxf6 Qxf6 14. Bc4 Bb7 15.
Nbd2 Ne7 16. g3 Nc8 17. O-O Nd6 18. Bd3 Bc8 19. Kg2 Bd7 20. Rh1 Rad8 21. Nc4
Bc6 22. Nxd6 cxd6 23. Bb5 Bxb5 24. axb5 d5 25. Rhd1 Qe6 26. exd5 Rxd5 27. c4
Rxd1 28. Rxd1 e4 29. Ne1 f5 30. Rd5 e3 31. fxe3 Qe4+ 32. Nf3 f4 33. gxf4 Qg6+
34. Kf1 Rxe3 35. Rd8+ Kh7 36. Qd1 Be7 37. Rd2 Qe4 38. Kg2 Qxf4 39. Qc2+ g6 40.
Rf2 Bd6 41. Ng1 Qg5+ 42. Kf1 Re7 43. Qd2 Qxd2 44. Rxd2 Bb4 45. Re2 Rf7+ 46. Kg2
Rf4 47. b3 Rd4 48. Rf2 g5 49. Ne2 Rd3 50. Rf3 Rd2 51. Kf1 Kg6 52. Ng3 h5 53.
Ne4 Rd4 54. Rf6+ Kg7 55. Re6 g4 56. hxg4 hxg4 57. Ke2 Kf7 58. Ng5+ Kg7 59. Rxb6
Rd2+ 60. Kf1 g3 61. Rb7+ Kg6 62. Ne4 g2+ 63. Kg1 Rb2 64. Rc7 Kf5 65. Nf2 Bd6
66. Rf7+ Ke6 67. Rf3 Bc5 68. Kxg2 Bxf2 69. Rxf2 Rxb3 70. Ra2 1/2-1/2

[Event "IV Open Amatori"]
[Site "Arvier ITA"]
[Date "2014.01.03"]
[Round "2"]
[White "Cirrincione, Giansalvo"]
[Black "Scalfi, Agostino"]
[WhiteElo "1795"]
[BlackElo "1882"]
[Result "1-0"]
[PlyCount "53"]
[EventDate "2014.01.02"]

1. d4 d5 2. Bf4 Bf5 3. e3 Nf6 4. c4 e6 5. Nc3 Be7 6. Qb3 b6 7. Nf3 O-O 8. h3
Bd6 9. Bxd6 cxd6 10. cxd5 exd5 11. Nxd5 Be4 12. Nxf6+ Qxf6 13. Be2 Nd7 14. O-O
Rac8 15. Rac1 d5 16. Qb5 Qd6 17. Rc3 Nb8 18. Rfc1 Rxc3 19. Rxc3 a6 20. Qb3 b5
21. a4 b4 22. Rc5 Qb6 23. Nd2 Nd7 24. Nxe4 dxe4 25. Rc1 g6 26. Bc4 Kg7 27. Bd5
1-0

[Event "IV Open Amatori"]
[Site "Arvier ITA"]
[Date "2014.01.03"]
[Round "2"]
[White "Ciuffoletti, Paolo"]
[Black "Ortolani, Paolo"]
[WhiteElo "2182"]
[BlackElo "1801"]
[Result "1-0"]
[PlyCount "77"]
[EventDate "2014.01.02"]

1. e4 d6 2. d4 Nf6 3. Nc3 Nbd7 4. f4 e5 5. dxe5 dxe5 6. fxe5 Nxe5 7. Qxd8+ Kxd8
8. Bg5 c6 9. O-O-O+ Kc7 10. Nf3 Nfd7 11. Be2 f6 12. Bf4 b5 13. Rhf1 Be7 14. Nd4
Nc5 15. Ndxb5+ Kb6 16. Nd6 Be6 17. Be3 a5 18. Bxc5+ Kc7 19. Ndb5+ cxb5 20.
Nxb5+ Kc6 21. Bxe7 Nc4 22. Nd4+ Kd7 23. Nxe6+ Kxe6 24. Bxc4+ Kxe7 25. e5 f5 26.
Rxf5 Raf8 27. Rdf1 Rxf5 28. Rxf5 Rc8 29. Bd5 Rc5 30. c4 Ke8 31. e6 g5 32. Rxg5
Kf8 33. Rg8+ Ke7 34. Rg7+ Kf8 35. e7+ Ke8 36. Bf3 a4 37. b3 h5 38. Be4 Kd7 39.
Bg6 1-0

[Event "IV Open Amatori"]
[Site "Arvier ITA"]
[Date "2014.01.03"]
[Round "2"]
[White "Medici, Simone"]
[Black "Ranieri, Fabrizio"]
[WhiteElo "2131"]
[BlackElo "2278"]
[Result "0-1"]
[PlyCount "286"]
[EventDate "2014.01.02"]

1. c4 e6 2. Nf3 d5 3. e3 Nf6 4. b3 Be7 5. Bb2 O-O 6. Qc2 c5 7. d4 b6 8. Bd3 Nc6
9. a3 dxc4 10. bxc4 h6 11. O-O Bb7 12. Rd1 cxd4 13. exd4 Rc8 14. Qe2 Qc7 15.
Nbd2 Qf4 16. h3 Rfd8 17. Rac1 Bf8 18. Ne4 Nxe4 19. Bxe4 Na5 20. d5 Nb3 21. Be5
Qxc1 22. Rxc1 Nxc1 23. Qe3 exd5 24. cxd5 Bxd5 25. Bf5 Bc5 26. Nd4 Bxd4 27. Bxd4
Re8 28. Qd2 Nb3 29. Qb2 Rc1+ 30. Kh2 Nxd4 31. Qxd4 Be6 32. Qa4 Re7 33. Qf4 Rc8
34. Qb4 Rd7 35. Bxe6 fxe6 36. Qa4 Rf7 37. Qe4 Re8 38. f3 Rc7 39. Qa4 Rd8 40.
Qe4 Re7 41. Qb4 Red7 42. Qe4 Rd6 43. Qe5 R8d7 44. Qe4 Kf7 45. Qf4+ Ke8 46. Qe4
Rc7 47. Qe5 Rdc6 48. Qh5+ Kd8 49. Qh4+ Kc8 50. Qe4 Kb8 51. Qe5 Rc3 52. a4 R3c6
53. Kg3 Kb7 54. Qe4 a5 55. h4 Ka7 56. Qe5 Rc4 57. Qb5 R4c5 58. Qe8 e5 59. h5
Rb7 60. Kg4 Rc4+ 61. Kf5 Rf4+ 62. Kxe5 Rff7 63. Kd4 Rbd7+ 64. Kc3 Rc7+ 65. Kb3
Rfe7 66. Qg6 Re3+ 67. Kb2 Rce7 68. Qd6 Re2+ 69. Kc1 Re1+ 70. Kc2 R1e2+ 71. Kd1
R2e6 72. Qg3 Rd7+ 73. Kc2 Rc6+ 74. Kb3 Rc5 75. Qg6 Rdc7 76. Qd6 Rc3+ 77. Kb2
Rc2+ 78. Kb1 R2c4 79. Qd1 Rb4+ 80. Ka2 Rh4 81. g4 Rh2+ 82. Kb3 Rf2 83. Qd5 Re7
84. Kc4 Rc2+ 85. Kb3 Rc5 86. Qd4 Rce5 87. Kc2 Re3 88. Qf4 R3e6 89. Qf8 Rc7+ 90.
Kd2 Rd7+ 91. Kc2 Rf6 92. Qa3 Rdf7 93. Qa2 Rxf3 94. Qe6 R3f4 95. Kd3 Rb7 96. Qe8
Rxg4 97. Ke3 Rc7 98. Qe5 Rgc4 99. Kd3 R4c6 100. Ke3 Rc5 101. Qe8 Rb7 102. Kd4
Rcc7 103. Qe5 Re7 104. Qf5 Rbd7+ 105. Kc4 Rd6 106. Qf3 Rde6 107. Qf8 Re5 108.
Qd8 Rb7 109. Qh4 Rbe7 110. Qh2 Re4+ 111. Kb3 Rb4+ 112. Ka3 Re3+ 113. Ka2 Rxa4+
114. Kb2 Re7 115. Qd6 Rae4 116. Kc3 R4e6 117. Qd8 Re5 118. Kc4 Rb7 119. Qh4
Rbe7 120. Qh1 Rg5 121. Qh3 Rge5 122. Qh1 Re4+ 123. Kd5 a4 124. Qh3 b5 125. Qh2
R4e5+ 126. Kc6 R7e6+ 127. Kd7 Ka6 128. Qg2 Re7+ 129. Kd6 R5e6+ 130. Kc5 Rc7+
131. Kd5 Rec6 132. Qf3 Ka5 133. Qf8 Rc5+ 134. Kd4 a3 135. Qa8+ Kb4 136. Qg2 Rc2
137. Qf1 a2 138. Qf8+ Kb3 139. Qf3+ R7c3 140. Qd5+ Rc4+ 141. Kd3 a1=Q 142.
Qxb5+ Rb4 143. Qd5+ Rcc4 0-1

[Event "IV Open Amatori"]
[Site "Arvier ITA"]
[Date "2014.01.03"]
[Round "2"]
[White "Siviero, Mattia"]
[Black "Lyabel, Giacomo"]
[WhiteElo "1700"]
[BlackElo "1501"]
[Result "0-1"]
[PlyCount "40"]
[EventDate "2014.01.02"]

1. d4 d5 2. Bf4 Nf6 3. e3 Nc6 4. Nf3 a6 5. c3 Bg4 6. h3 Bh5 7. Nbd2 e6 8. g4
Bg6 9. Ne5 Nxe5 10. dxe5 Nd7 11. h4 h6 12. Nf3 Be4 13. Rh2 c6 14. Nd2 Bh7 15.
Bg3 Qc7 16. f4 Qb6 17. Bf2 Qxb2 18. Qc1 Ba3 19. Nb3 Qxc1+ 20. Nxc1 Bb2 0-1

[Event "IV Open Amatori"]
[Site "Arvier ITA"]
[Date "2014.01.03"]
[Round "2"]
[White "Trovero, Leo"]
[Black "Piazza, Giacomo"]
[WhiteElo "1744"]
[BlackElo "1603"]
[Result "1-0"]
[PlyCount "75"]
[EventDate "2014.01.02"]

1. e4 d6 2. d4 c6 3. Nd2 Qc7 4. Ngf3 Bg4 5. Bd3 Nd7 6. O-O e5 7. c3 Ngf6 8. Re1
Be7 9. Nf1 h5 10. h3 Bxf3 11. Qxf3 h4 12. Ne3 g6 13. a4 a5 14. Ng4 O-O-O 15.
Be3 Nxg4 16. Qxg4 Kb8 17. b4 Nf6 18. Qf3 d5 19. dxe5 dxe4 20. Bxe4 Nxe4 21.
Qxe4 g5 22. bxa5 Qxa5 23. Rab1 Rc8 24. Bb6 Qa6 25. Red1 Rh6 26. Rd7 Re6 27. Qf5
Qe2 28. Bd4 Rc7 29. Rxc7 Kxc7 30. Qxf7 Rxe5 31. Bxe5+ Qxe5 32. Qb3 b5 33. axb5
c5 34. b6+ Kb7 35. Qa4 Qe6 36. Qa7+ Kc6 37. Qa8+ Kd6 38. Rd1+ 1-0

[Event "IV Open Amatori"]
[Site "Arvier ITA"]
[Date "2014.01.03"]
[Round "2"]
[White "Yeuillaz, Corrado"]
[Black "Bogatto, Mario"]
[WhiteElo "2211"]
[BlackElo "1413"]
[Result "1-0"]
[PlyCount "63"]
[EventDate "2014.01.02"]

1. e4 d6 2. d4 Nf6 3. Nc3 c6 4. Nf3 Bg4 5. h3 Bxf3 6. Qxf3 e6 7. Bd3 Nbd7 8.
Ne2 Be7 9. O-O O-O 10. Ng3 Re8 11. Rd1 Qc7 12. Qe2 e5 13. c3 Bf8 14. Be3 exd4
15. cxd4 Re7 16. Qc2 g6 17. Rac1 a6 18. b4 Rc8 19. a4 Qb8 20. Bf4 Ree8 21. Qd2
Qa7 22. Bb1 b5 23. a5 Qb7 24. Bg5 Bg7 25. Qf4 Qc7 26. Ba2 Rf8 27. e5 dxe5 28.
dxe5 Nh5 29. Nxh5 gxh5 30. Bh6 Bxh6 31. Qxh6 Qd8 32. Rc3 1-0

[Event "IV Open Amatori"]
[Site "Arvier ITA"]
[Date "2014.01.03"]
[Round "3"]
[White "Bogatto, Mario"]
[Black "Bagnod, Ruben"]
[WhiteElo "1413"]
[BlackElo "1386"]
[Result "1-0"]
[PlyCount "73"]
[EventDate "2014.01.02"]

1. e4 e5 2. Nf3 Nf6 3. d3 Nc6 4. a3 Bc5 5. Be2 d5 6. exd5 Nxd5 7. O-O O-O 8. c4
Nf4 9. Bxf4 exf4 10. Nc3 Bd4 11. Rb1 Be6 12. Qc2 Bxc3 13. Qxc3 Re8 14. Rfe1 Bg4
15. h3 Bxf3 16. Bxf3 Rxe1+ 17. Rxe1 Qh4 18. Bxc6 bxc6 19. f3 h6 20. Qe5 Kf8 21.
Re4 Rb8 22. b4 f6 23. Qxf4 Qxf4 24. Rxf4 Rd8 25. d4 Re8 26. Kf2 Kf7 27. Re4
Rxe4 28. fxe4 Kg6 29. Kf3 Kg5 30. g3 Kh5 31. d5 cxd5 32. exd5 Kg5 33. Ke4 f5+
34. Ke5 h5 35. c5 h4 36. gxh4+ Kxh4 37. Kxf5 1-0

[Event "IV Open Amatori"]
[Site "Arvier ITA"]
[Date "2014.01.03"]
[Round "3"]
[White "Coqueraut, Lodewyk"]
[Black "Baloire, Endy"]
[WhiteElo "1716"]
[BlackElo "1961"]
[Result "0-1"]
[PlyCount "64"]
[EventDate "2014.01.02"]

1. Nf3 d5 2. g3 Bf5 3. Bg2 e6 4. d3 c6 5. O-O h6 6. Nbd2 Nf6 7. c3 Be7 8. Qc2
O-O 9. e4 Bh7 10. e5 Nfd7 11. Re1 c5 12. c4 Nc6 13. a3 Qc7 14. cxd5 exd5 15. e6
fxe6 16. Rxe6 c4 17. Rxe7 Nxe7 18. Qc3 Bxd3 19. Nb3 Qb6 20. Nbd4 Nc5 21. Be3
Qf6 22. Re1 Be4 23. Re2 Rae8 24. Qa5 b6 25. Qd2 Nc6 26. Bf4 Nd3 27. Nxc6 Qxc6
28. Nd4 Qf6 29. Bxe4 Nxf4 30. gxf4 Rxe4 31. Nf3 Rxe2 32. Qxe2 Qg6+ 0-1

[Event "IV Open Amatori"]
[Site "Arvier ITA"]
[Date "2014.01.03"]
[Round "3"]
[White "Gennaro, Isabella"]
[Black "Boschetti, Claudio"]
[WhiteElo "1767"]
[BlackElo "2105"]
[Result "0-1"]
[PlyCount "86"]
[EventDate "2014.01.02"]

1. e4 e5 2. Nf3 Nc6 3. Bb5 a6 4. Ba4 Nf6 5. d3 b5 6. Bb3 Be7 7. O-O d6 8. c3
O-O 9. h3 Na5 10. Bc2 c5 11. Be3 Nc6 12. d4 Qc7 13. Nbd2 Re8 14. d5 Nb8 15. a4
Bb7 16. Re1 Nbd7 17. Nh2 g6 18. Qe2 c4 19. Ng4 h5 20. Nxf6+ Bxf6 21. g4 hxg4
22. Qxg4 Bg7 23. Kh2 Nf6 24. Qg3 Nh5 25. Qg4 Bc8 26. Qg2 b4 27. cxb4 Nf4 28.
Bxf4 exf4 29. Nf3 Bxb2 30. Rab1 Bf6 31. Rg1 Kh8 32. Ng5 Be5 33. Nf3 Kg7 34. Rh1
Rh8 35. Kg1 Bf6 36. h4 Rh5 37. Bd1 c3 38. Rc1 Bd7 39. Ng5 Rh6 40. Nf3 Qc4 41.
Qf1 Qxe4 42. b5 axb5 43. axb5 Qxd5 0-1

[Event "IV Open Amatori"]
[Site "Arvier ITA"]
[Date "2014.01.03"]
[Round "3"]
[White "Lyabel, Giacomo"]
[Black "Medici, Simone"]
[WhiteElo "1501"]
[BlackElo "2131"]
[Result "0-1"]
[PlyCount "48"]
[EventDate "2014.01.02"]

1. d4 Nf6 2. c4 e6 3. Nf3 d5 4. Nc3 c6 5. a3 Be7 6. cxd5 exd5 7. Bg5 Nbd7 8. e3
Ne4 9. Bxe7 Qxe7 10. Nxe4 dxe4 11. Nd2 O-O 12. Qc2 f5 13. Bc4+ Kh8 14. O-O Qg5
15. g3 Rf6 16. Kg2 Rh6 17. Rh1 Nf6 18. Be2 Nd5 19. Qb1 Nxe3+ 20. fxe3 Qxe3 21.
Qd1 f4 22. Kf1 Bh3+ 23. Ke1 f3 24. Nc4 f2# 0-1

[Event "IV Open Amatori"]
[Site "Arvier ITA"]
[Date "2014.01.03"]
[Round "3"]
[White "Marguerettaz, Davy"]
[Black "Cirrincione, Giansalvo"]
[WhiteElo "2188"]
[BlackElo "1795"]
[Result "1-0"]
[PlyCount "101"]
[EventDate "2014.01.02"]

1. d4 e6 2. e4 d5 3. Nc3 dxe4 4. Nxe4 Nd7 5. Nf3 Ngf6 6. Nxf6+ Nxf6 7. c3 Be7
8. Bd3 O-O 9. Ne5 b6 10. Nc6 Qe8 11. Nxe7+ Qxe7 12. Bg5 Bb7 13. Qc2 h6 14. Bh4
e5 15. O-O-O exd4 16. cxd4 Qe6 17. Kb1 Be4 18. Rhe1 Bxd3 19. Qxd3 Qd6 20. Bg3
Qd7 21. Qc4 Nd5 22. Re5 c6 23. Rde1 Rfe8 24. Qe2 Rxe5 25. dxe5 Qe6 26. Qe4 Re8
27. f4 Qe7 28. a3 Qc5 29. Rc1 Qb5 30. f5 Qb3 31. Rxc6 Qd1+ 32. Ka2 Ne3 33. e6
Qd5+ 34. Qxd5 Nxd5 35. exf7+ Kxf7 36. Rd6 Ne3 37. Rd7+ Re7 38. Rxe7+ Kxe7 39.
Bb8 a6 40. Ba7 Nd5 41. Kb3 Kd7 42. Kc4 Kc6 43. Bb8 Ne3+ 44. Kd4 Nxf5+ 45. Ke5
Ne3 46. Ke6 Nxg2 47. Kf7 Ne3 48. Be5 Ng4 49. Bg3 Ne3 50. Kxg7 Nf5+ 51. Kg6 1-0

[Event "IV Open Amatori"]
[Site "Arvier ITA"]
[Date "2014.01.03"]
[Round "3"]
[White "Ortolani, Paolo"]
[Black "Benazzo, Angelo"]
[WhiteElo "1801"]
[BlackElo "1771"]
[Result "1-0"]
[PlyCount "59"]
[EventDate "2014.01.02"]

1. e4 g6 2. Nf3 Bg7 3. Bc4 e6 4. d4 d6 5. d5 e5 6. h4 h6 7. Bb5+ Nd7 8. c4 Ne7
9. Be3 f5 10. Nc3 a6 11. Ba4 b6 12. b4 Rb8 13. Rb1 O-O 14. c5 f4 15. Bd2 bxc5
16. Bxd7 Bxd7 17. bxc5 dxc5 18. O-O Bg4 19. Na4 Qd6 20. Rb3 Rb5 21. Qc2 Rfb8
22. Nxc5 Rxb3 23. axb3 Bf6 24. b4 Qb6 25. Ra1 Ra8 26. Qc4 Nc8 27. d6+ Kh7 28.
Qf7+ Bg7 29. Nxe5 Bh5 30. Ne6 1-0

[Event "IV Open Amatori"]
[Site "Arvier ITA"]
[Date "2014.01.03"]
[Round "3"]
[White "Paleologu, Vladimir"]
[Black "Yeuillaz, Corrado"]
[WhiteElo "2175"]
[BlackElo "2211"]
[Result "0-1"]
[PlyCount "56"]
[EventDate "2014.01.02"]

1. e4 e6 2. d4 d5 3. e5 c5 4. c3 Nc6 5. g3 Qb6 6. Ne2 cxd4 7. cxd4 f6 8. f4 Nh6
9. Bh3 Be7 10. Nbc3 fxe5 11. fxe5 O-O 12. Rf1 Nf7 13. Rf2 a6 14. Kf1 Qa7 15.
Kg2 b5 16. Qd3 Ncxe5 17. Qc2 Ng6 18. Kg1 Bd7 19. Be3 Rac8 20. Qd2 Nd6 21. Rxf8+
Rxf8 22. b3 b4 23. Na4 Ne4 24. Qd3 Rf3 25. Rc1 Nf2 26. Qd2 Nxh3+ 27. Kg2 Rxe3
28. Qxe3 Bg5 0-1

[Event "IV Open Amatori"]
[Site "Arvier ITA"]
[Date "2014.01.03"]
[Round "3"]
[White "Piazza, Giacomo"]
[Black "Siviero, Mattia"]
[WhiteElo "1603"]
[BlackElo "1700"]
[Result "0-1"]
[PlyCount "118"]
[EventDate "2014.01.02"]

1. Nf3 c5 2. e3 d6 3. b3 e5 4. d3 g6 5. Bb2 Bg7 6. Nbd2 Ne7 7. e4 O-O 8. Be2
Nbc6 9. a3 h6 10. O-O Be6 11. c4 Rb8 12. Qc2 b5 13. cxb5 Nd4 14. Nxd4 cxd4 15.
a4 Qd7 16. Qd1 Rb7 17. Nc4 Rfb8 18. Ba3 Nc8 19. f4 a6 20. f5 gxf5 21. exf5 Bxf5
22. b6 Be6 23. a5 d5 24. Nd2 Nd6 25. Bxd6 Qxd6 26. Rf3 f5 27. Rh3 Ra8 28. Bf3
e4 29. dxe4 dxe4 30. Bh5 Bd7 31. Nc4 Qe7 32. Rg3 f4 33. Rg6 Be8 34. Rxg7+ Qxg7
35. Bxe8 Rxe8 36. Nd6 f3 37. g3 Rbe7 38. Nxe8 Rxe8 39. Rc1 Rf8 40. Rc7 Qe5 41.
Qc1 f2+ 42. Kf1 Qb5+ 43. Rc4 Qxb3 44. Rxd4 Qb5+ 45. Rc4 Rd8 46. b7 Rf8 47. Qc2
Qxb7 48. Rxe4 Qb5+ 49. Re2 Qxa5 50. Qg6+ Kh8 51. Qxh6+ Kg8 52. Qg6+ Kh8 53. Qb1
Qf5 54. Qb2+ Kg8 55. Qb3+ Kh8 56. Qc3+ Kg8 57. Qc4+ Kh8 58. Qd4+ Kg8 59. Rb2
Qh3+ 0-1

[Event "IV Open Amatori"]
[Site "Arvier ITA"]
[Date "2014.01.03"]
[Round "3"]
[White "Ranieri, Fabrizio"]
[Black "Ciuffoletti, Paolo"]
[WhiteElo "2278"]
[BlackElo "2182"]
[Result "1-0"]
[PlyCount "55"]
[EventDate "2014.01.02"]

1. e4 c5 2. Nf3 Nc6 3. d4 cxd4 4. Nxd4 Nf6 5. Nc3 e5 6. Nf3 Bb4 7. Bc4 d6 8.
O-O Be6 9. Qd3 Bxc4 10. Qxc4 Bxc3 11. bxc3 d5 12. exd5 Qxd5 13. Qb3 O-O 14. Ba3
Rfd8 15. c4 Qe6 16. Qxb7 Rab8 17. Qa6 Rb6 18. Qa4 e4 19. Ng5 Qe5 20. c5 Rbb8
21. Qxc6 Qxg5 22. Rad1 e3 23. Qf3 Ng4 24. fxe3 Qxe3+ 25. Qxe3 Nxe3 26. Rxd8+
Rxd8 27. Rb1 Nxc2 28. c6 1-0

[Event "IV Open Amatori"]
[Site "Arvier ITA"]
[Date "2014.01.03"]
[Round "3"]
[White "Scalfi, Agostino"]
[Black "Trovero, Leo"]
[WhiteElo "1882"]
[BlackElo "1744"]
[Result "0-1"]
[PlyCount "22"]
[EventDate "2014.01.02"]

1. e4 c5 2. Nf3 g6 3. d4 cxd4 4. Nxd4 Bg7 5. Be3 Nc6 6. Nc3 Nf6 7. Qd2 O-O 8.
h4 d5 9. Nxc6 bxc6 10. e5 Ng4 11. f4 Nxe3 0-1

[Event "IV Open Amatori"]
[Site "Arvier ITA"]
[Date "2014.01.04"]
[Round "4"]
[White "Benazzo, Angelo"]
[Black "Bogatto, Mario"]
[WhiteElo "1771"]
[BlackElo "1413"]
[Result "1-0"]
[PlyCount "65"]
[EventDate "2014.01.02"]

1. Nf3 d5 2. g3 Nf6 3. Bg2 e6 4. d3 Be7 5. Nbd2 c6 6. O-O O-O 7. Re1 Nbd7 8. e4
dxe4 9. dxe4 Qc7 10. Qe2 Ne5 11. Nxe5 Qxe5 12. Nc4 Qc7 13. Bf4 Qd8 14. Rad1 Nd7
15. e5 b5 16. Nd6 Bxd6 17. Rxd6 Qa5 18. Bxc6 Rb8 19. Bxd7 Bb7 20. Bc6 Ba6 21.
Qd2 b4 22. a3 Bb5 23. axb4 Qc7 24. Bxb5 Rxb5 25. h4 Qb8 26. c3 Qc7 27. h5 Rbb8
28. Rd1 Ra8 29. h6 g6 30. Bg5 Qc8 31. Rd7 Rb8 32. Qf4 Rb7 33. Qf6 1-0

[Event "IV Open Amatori"]
[Site "Arvier ITA"]
[Date "2014.01.04"]
[Round "4"]
[White "Cirrincione, Giansalvo"]
[Black "Gennaro, Isabella"]
[WhiteElo "1795"]
[BlackElo "1767"]
[Result "1/2-1/2"]
[PlyCount "35"]
[EventDate "2014.01.02"]

1. d4 Nf6 2. Bf4 g6 3. Nc3 Bg7 4. e4 d6 5. Qd2 O-O 6. O-O-O a6 7. Bh6 b5 8.
Bxg7 Kxg7 9. Bd3 Bb7 10. f3 Nbd7 11. h4 h5 12. Nh3 c5 13. Be2 c4 14. Qe3 b4 15.
e5 Nd5 16. Nxd5 Bxd5 17. Nf4 e6 18. Nxd5 1/2-1/2

[Event "IV Open Amatori"]
[Site "Arvier ITA"]
[Date "2014.01.04"]
[Round "4"]
[White "Ciuffoletti, Paolo"]
[Black "Baloire, Endy"]
[WhiteElo "2182"]
[BlackElo "1961"]
[Result "1-0"]
[PlyCount "61"]
[EventDate "2014.01.02"]

1. e4 c6 2. d4 d5 3. exd5 cxd5 4. c4 Nf6 5. Nc3 e6 6. Nf3 Bb4 7. Bd3 O-O 8. O-O
Nc6 9. Bg5 Be7 10. c5 b6 11. Bb5 Bb7 12. Bxc6 Bxc6 13. b4 bxc5 14. dxc5 Rb8 15.
Rb1 Ba8 16. Qd4 Nd7 17. Bxe7 Qxe7 18. Rfe1 Qf6 19. Qxf6 gxf6 20. Nd4 e5 21. Nf5
d4 22. Na4 a6 23. c6 Nb6 24. Nxb6 Rxb6 25. Rec1 Kh8 26. Ne7 Bxc6 27. Rxc6 Rxc6
28. Nxc6 d3 29. a4 Re8 30. b5 axb5 31. axb5 1-0

[Event "IV Open Amatori"]
[Site "Arvier ITA"]
[Date "2014.01.04"]
[Round "4"]
[White "Lyabel, Giacomo"]
[Black "Coqueraut, Lodewyk"]
[WhiteElo "1501"]
[BlackElo "1716"]
[Result "0-1"]
[PlyCount "106"]
[EventDate "2014.01.02"]

1. d4 Nf6 2. c4 g6 3. Nf3 Bg7 4. Nc3 O-O 5. Bg5 d6 6. e3 c5 7. dxc5 dxc5 8. Be2
Nc6 9. O-O Bf5 10. Bxf6 exf6 11. a3 Ne5 12. Rc1 Be6 13. b3 Qa5 14. a4 f5 15.
Qc2 Rfd8 16. Nxe5 Bxe5 17. Bf3 Rd7 18. Nb1 Rad8 19. Rfd1 Qc7 20. g3 h5 21. h4
Kh7 22. Nc3 Rxd1+ 23. Rxd1 Rxd1+ 24. Nxd1 Qe7 25. Qe2 Kh6 26. Qf1 g5 27. hxg5+
Qxg5 28. Qg2 b6 29. Be2 Qg6 30. f4 Bf6 31. Nf2 Bc3 32. Nd1 Bg7 33. Kh2 f6 34.
Nf2 Qe8 35. Qb7 Bc8 36. Qf3 Qf7 37. Bd3 Bb7 38. e4 Qe8 39. Qe2 fxe4 40. Bxe4 f5
41. Bd3 Qc6 42. Qf1 Bd4 43. Nh3 Qg6 44. Ng5 Bc6 45. Qh3 Be4 46. Qf1 Bf6 47. Nh3
h4 48. gxh4 Bxh4 49. Bxe4 fxe4 50. Qg2 e3 51. Qf3 Qc2+ 52. Qg2 Qxg2+ 53. Kxg2
e2 0-1